ARRUPE JESUIT UNIVERSITY

CORONAVIRUS -STOP THE SPREAD - CLEAN,DISINFECT,COVER

A feast for crows : (Record no. 122832)

MARC details
000 -LEADER
fixed length control field 01596cam a2200409 a 4500
001 - CONTROL NUMBER
control field 10147190
003 - CONTROL NUMBER IDENTIFIER
control field ARRUPE
005 - DATE AND TIME OF LATEST TRANSACTION
control field 20150529105134.0
008 - FIXED-LENGTH DATA ELEMENTS--GENERAL INFORMATION
fixed length control field 050802s2005 nyub 000 1 eng
010 ## - LIBRARY OF CONGRESS CONTROL NUMBER
LC control number 2005053034
020 ## - INTERNATIONAL STANDARD BOOK NUMBER
International Standard Book Number 0553801503
020 ## - INTERNATIONAL STANDARD BOOK NUMBER
International Standard Book Number 9780553801507
020 ## - INTERNATIONAL STANDARD BOOK NUMBER
International Standard Book Number 9780553582031 (pbk.)
020 ## - INTERNATIONAL STANDARD BOOK NUMBER
International Standard Book Number 0553582038 (pbk.)
024 ## - OTHER STANDARD IDENTIFIER
Standard number or code 99952040230
035 ## - SYSTEM CONTROL NUMBER
System control number (OCoLC)ocm61261403\
035 ## - SYSTEM CONTROL NUMBER
System control number (OCoLC)61261403
Canceled/invalid control number (OCoLC)61224685
-- (OCoLC)187311447
035 ## - SYSTEM CONTROL NUMBER
System control number (NNC)10147190
040 ## - CATALOGING SOURCE
Original cataloging agency DLC
Transcribing agency DLC
Modifying agency NOG
-- BAKER
-- UOK
-- C#P
-- NPL
-- IXA
-- BTCTA
-- YDXCP
-- LF8
-- CQU
-- BNO
-- OKP
-- AMP
-- SAC
050 00 - LIBRARY OF CONGRESS CALL NUMBER
Classification number PZ4.
Item number M380F4
082 00 - DEWEY DECIMAL CLASSIFICATION NUMBER
Classification number 813/.54
Edition number 22
300 ## - PHYSICAL DESCRIPTION
Other physical details maps ;
Dimensions 24 cm.
100 1# - MAIN ENTRY--PERSONAL NAME
Personal name Martin, George R. R.
9 (RLIN) 17785
245 12 - TITLE STATEMENT
Title A feast for crows :
Statement of responsibility, etc George R.R. Martin.
Remainder of title book four of a song of ice and fire
260 ## - PUBLICATION, DISTRIBUTION, ETC. (IMPRINT)
Place of publication, distribution, etc London :
Name of publisher, distributor, etc Harper Voyager,
Date of publication, distribution, etc 2005.
300 ## - PHYSICAL DESCRIPTION
Extent 753, [20] p. :
490 1# - SERIES STATEMENT
Series statement A song of ice and fire ;
Volume number/sequential designation bk. 4
500 ## - GENERAL NOTE
General note "A Bantam Spectra book"--T.p. verso.
520 ## - SUMMARY, ETC.
Summary, etc The uneasy peace that exists following the death of Robb Stark is threatened by new plots, intrigues, and alliances that once again will plunge the Seven Kingdoms back into all-out war for control of the Iron Throne.
650 #0 - SUBJECT ADDED ENTRY--TOPICAL TERM
Topical term or geographic name as entry element Seven Kingdoms (Imaginary place)
Form subdivision Fiction.
9 (RLIN) 17786
650 #0 - SUBJECT ADDED ENTRY--TOPICAL TERM
Topical term or geographic name as entry element Fantasy fiction.
Source of heading or term gsafd
9 (RLIN) 17787
655 #7 - INDEX TERM--GENRE/FORM
Genre/form data or focus term Fantasy fiction.
Source of term gsafd
9 (RLIN) 17788
655 #7 - INDEX TERM--GENRE/FORM
Genre/form data or focus term Fantasy fiction.
Source of term lcsh
9 (RLIN) 17789
800 1# - SERIES ADDED ENTRY--PERSONAL NAME
Personal name Martin, George R. R.
Title of a work Song of ice and fire ;
Volume/sequential designation bk. 4.
9 (RLIN) 17790
942 ## - ADDED ENTRY ELEMENTS (KOHA)
Source of classification or shelving scheme Library of Congress Classification
Koha item type Monograph ( Printed materials)
948 1# - LOCAL PROCESSING INFORMATION (OCLC); SERIES PART DESIGNATOR (RLIN)
Series part designator, SPT (RLIN) 20130221
b (OCLC) c
c (OCLC) hew2
d (OCLC) MPS
Holdings
Withdrawn status Lost status Source of classification or shelving scheme Damaged status Not for loan Collection code Home library Current library Shelving location Date acquired Total Checkouts Full call number Barcode Date last seen Price effective from Koha item type
    Library of Congress Classification     Main Collection ARRUPE LIBRARY ARRUPE LIBRARY Main Collection 13/05/2015   PZ4.M380F4 46500002331 02/07/2019 13/05/2015 Monograph ( Printed materials)

 

Arrupe Library. PO Box MP320 Mt Pleasant, Harare, Zimbabwe
263 242 745411|librarian@aju.ac.zw